| 000 | 00000nam##2200000za#4500 |
| 001 | 9.531077 |
| 003 | CaOODSP |
| 005 | 20200327075550 |
| 007 | ta |
| 008 | 150406|1998||||xxc||||| f|0| 0 fre|d |
| 020 | |a0-660-60706-9 |
| 040 | |aCaOODSP|bfre |
| 041 | |aeng |
| 041 | |afre |
| 043 | |an-cn--- |
| 086 | 1 |aBT31-4/39-1998 |
| 110 | 1 |aCanada. |bConseil du trésor. |
| 245 | 10|aMinistère de la Justice Canada |
| 260 | |aOttawa - Ontario : |bSecrétariat du Conseil du Trésor du Canada |c1998. |
| 300 | |aTexte français, 43p. : |btableaux ; |c28 cm. |
| 490 | 1 |aRapport sur le rendement pour la période se terminant le 31 mars 1998 |
| 546 | |aBilingue |
| 563 | |aCouverture souple |
| 590 | |a98-45|b1998-11-06 |
| 776 | 0#|tDepartment of Justice Canada, performance report for the period ending March 31, 1998 |w(CaOODSP)9.568851 |
| 776 | 0#|tMinistère de la Justice Canada, rapport sur le rendement pour la période se terminant le 31 mars 1998 |w(CaOODSP)9.600114 |
| 791 | |tDepartment of Justice Canada|eeng|w(CaOODSP)9.531076 |
| 830 | #0|aRapport sur le rendement pour la période se terminant le 31 mars 1998.|w(CaOODSP)9.508975 |